000 00319nam a2200133Ia 4500
003 OSt
005 20240216162033.0
008 170524s9999 xx 000 0 und d
020 _a978-8182831315
040 _cIIMT UNIVERSITY MEERUT
100 _aAGGARWAL MALTI
245 0 _aPROFESSIONAL COMMUNICATION
942 _2ddc
_c02
999 _c4626
_d4626